Technische Wärmelehre, für Studierende des Bergbau, des Hüttenwesens und der Aufbereitung Band 2.

Uložené v:
Podrobná bibliografia
Hlavný autor: Christian, Walter (Author)
Médium: Kniha
Jazyk:German
Vydané: Freiberg : Bergakademie Fernstudium, 1960.
Vydanie:1. Aufl.
ISBN: (viaz.)
Fyzický popis: 279 s. + 8 obr. príl.
Tagy: Pridať tag
Žiadne tagy, Buďte prvý kto otaguje tento záznam!

MARC

LEADER 00000cam a2200000 a 4500
001 000487607
005 20150807112221.0
008 030513s1960 gw e 0 0 0 ger d
020 |a (viaz.)  |c Kčs 28,50 
040 |a SVKKK  |b slo  |c SVKKK  |e AACR2 
041 0 |a ger 
044 |a gw  |c DE 
100 1 |a Christian, Walter  |4 aut 
245 1 0 |a Technische Wärmelehre, für Studierende des Bergbau, des Hüttenwesens und der Aufbereitung  |n Band 2.  |c Walter Christian. 
250 |a 1. Aufl. 
260 |a Freiberg :  |b Bergakademie Fernstudium,  |c 1960. 
300 |a 279 s.  |e + 8 obr. príl. 
910 |a svkkk 
998 |a BK 
090 |g SCKHL  |k Sklad Pribinova 1. posch.  |a IV.23735  |j 265627  |i 487607-10  |s Prezenčne